Normal view
MARC view
Entry Personal Name
001 - CONTROL NUMBER
- control field: 258497
003 - CONTROL NUMBER IDENTIFIER
- control field: OSt
005 - DATE AND TIME OF LATEST TRANSACTION
- control field: 20260311103848.0
008 - FIXED-LENGTH DATA ELEMENTS
- fixed length control field: 260311|| aca||aabn | a|a d
040 ## - CATALOGING SOURCE
- Original cataloging agency: OSt
- Transcribing agency: OSt
100 ## - HEADING--PERSONAL NAME
- Personal name: ಕಮಲಾ ಹೆಮ್ಮಿಗೆ
670 ## - SOURCE DATA FOUND
- Source citation: Work cat.: (OSt)240438: Kamala Hemmige 258496, N K Kulkarni, 2010